LEADER 00811cam2 2200253 450 001 E600200059989 005 20210127125030.0 100 $a20100216d1962 |||||ita|0103 ba 101 $ager 102 $aDE 200 1 $a<<1: >>1775-1809$fSchelling 210 $aBonn$cBouvier$d1962 215 $a568 p. ill.$d23 cm 461 1$1001E600200059988$12000 $aBriefe und Dokumente 700 1$aSchelling$b, Friedrich Wilhelm Joseph : von$3A600200062986$4070$0151913 801 0$aIT$bUNISOB$c20210127$gRICA 850 $aUNISOB 852 $aUNISOB$j100$m70823 912 $aE600200059989 940 $aM 102 Monografia moderna SBN 941 $aM 957 $a100$b007767$gSi$d70823$racquisto$1pregresso1$2UNISOB$3UNISOB$420100216104623.0$520210127125019.0$6Alfano 996 $a1775-1809$91704321 997 $aUNISOB LEADER 02090nam0 2200469 i 450 001 PUV0983080 005 20251003044316.0 010 $a8821720039 020 $aIT$b2005-8513 100 $a20041001d2004 ||||0itac50 ba 101 | $aita 102 $ait 181 1$6z01$ai $bxxxe 182 1$6z01$an 200 1 $aAmministrazione di sostegno$ecommento alla Legge 9 gennaio 2004, n.6$fa cura di Gabriella Autorino Stanzione, Virginia Zambrano 210 $a[Milanofiori, Assago]$cIPSOA$d[2004] 215 $aXII, 366 p.$d24 cm 225 | $aBiblioteca del diritto di famiglia 300 $aSegue: Appendice normativa. 410 0$1001RMG0033269$12001 $aBiblioteca del diritto di famiglia 606 $aMinorati$xAssistenza$xLegislazione$2FIR$3CFIC084262$9I 606 $aMinorati$xDiritti$xTutela$2FIR$3CFIC115743$9I 676 $a344.0324$9Problemi e servizi dell'assistenza sociale per persone con invaliditā fisiche$v21 676 $a344.450324$9DIRITTO IN MATERIA DI PROBLEMI E SERVIZI per persone con invalidita fisiche. Italia$v21 696 $aAiuto 696 $aTutela giuridica 699 $aAssistenza$yAiuto 699 $aTutela$zTutela giuridica 702 1$aAutorino Stanzione$b, Gabriella$3CFIV051268 702 1$aZambrano$b, Virginia$3TO0V151896 790 1$aStanzione Autorino$b, Gabriella$3BVEV002269$zAutorino Stanzione, Gabriella 790 1$aAutorino$b, Elvira$3CFIV051270$zAutorino Stanzione, Gabriella 790 1$aAutorino$b, Gabriella$3CFIV204606$zAutorino Stanzione, Gabriella 790 1$aAutorino Stanzione$b, Elvira$3CFIV224077$zAutorino Stanzione, Gabriella 801 3$aIT$bIT-000000$c20041001 850 $aIT-BN0095 901 $bNAP 01$cD $n$ 912 $aPUV0983080 950 0$aBiblioteca Centralizzata di Ateneo$d 01D (S) 000 643$e 01S 0009006435 VMA 1 v.$fY $h20120523$i20120523 977 $a 01 996 $aAmministrazione di sostegno$958819 997 $aUNISANNIO